00649nam a2200181 a 450000100100000000500170001000800410002702000150006804000250008308200130010810000360012124500820015726000460023930000280028549000610031350400320037483000610040600004245020201002040150.0131203s1973 sp 000 0 spa d a8460055760 aDO-SdBNPbspacBNPHU axxxbxxx1 aGarcía Barquero, Juan Antonio10aAproximaciones al teatro clasico español /cJuan Antonio García Barquero. aSevilla :bUniversidad de Sevilla,c1973. a216 p. :bil. ;c19 cm.1 aPublicaciones de la Universidad de SevillaaBolsillov14 aBibliografía : p. 217-223 0aPublicaciones de la Universidad de Sevillan14pBolsillo